000 00458nam a2200145Ia 4500
008 220216s9999 xx 000 0 und d
100 _aDonnet J B
245 0 _aInfluence of cabon black properties on the characteristics of rubber vulcanizates
260 _bProceedings of the International Rubber Conference, London, 1967, p141-158
650 _aCarbon black
650 _aRubber vulcanizates
700 _aEckhardt C
700 _aVoet A
942 _cJS
999 _c61182
_d61182